00477nam a2200133 a 4500008004100000050001100041100001900052245010800071260009000179350000900269650001600278650002200294650002700316061121s2005 xx |||||||||||||| || u aTHESIS aHabeene, Edgar10aDesign manual for municipal wastewater stabilisation ponds in Zambiacthesis supervised by Davy Silavwe abSchool of Built Environment, Department of Civil Engineering and Constructionc2005 a0.00 aENGINEERING aCIVIL ENGINEERING aSEWAGE LAGOONS--ZAMBIA